000 00375nam a2200145Ia 4500
008 231129s1996||||xx |||||||||||||| ||spa||
020 _a968-20-0164-1
040 _bspa
082 _a189.4 S813t
100 _aSteenberghen Fernand Van
245 0 _aEl tomismo
260 _c1996
264 _aPublicaciones Cruz O
942 _2ddc
_cBKS
999 _c12570
_d12570